000 00297nam a2200109Ia 4500
005 20251222143226.0
008 251222s9999||||xx |||||||||||||| ||spa||
082 _a869.56/R68H
245 0 _aHomenaje a Riva-Agüero en el X Aniversario de su Muerte
264 _bInstituto Riva-Agüero
942 _cLIB
999 _c14012
_d14012